000 00874nas a2200313 4500
001 BR2016002260
003 BR-BrBNA
005 20231205130358.0
007 ta
008 230509b bl.|||p| |||| 00| 00por d
040 _aBR-BrBNA
_bpor
_cBiblioteca Nacional de Agricultura
041 _a(En)
072 _aH60
100 1 _aOliveira Neto, A.M.
100 1 _aConstantin, J.
100 1 _aOliveira Junior, R.S.
100 1 _aBarroso, A.L.L.
100 1 _aBraz, G.B.P.
100 1 _aGuerra, N.
100 1 _aGheno, E.A.
245 1 _aSelectivity of fomesafen to cotton
650 _aALGODÃO
650 _aHERBICIDA
650 _aCONTROLE QUÍMICO
650 _aERVA DANINHA
773 0 _tPlanta Daninha (Brazil)
_xISSN 0100-8358
_g(Oct-Dec 2015), v. 33(4) p. 759-770
_wBR2016002260
909 _a202311
_bLúcia
_c55
_dLúcia Elande
942 _2AGRIS
_n0
_cANA
999 _c249136
_d249136